| 000 | 01360nam a2200277Ia 4500 | ||
|---|---|---|---|
| 001 | 16231 | ||
| 003 | GE_BSU | ||
| 008 | 181216s||||||||xx |||||||||||||| ||und|| | ||
| 020 | _aISBN 978-9941-13-281-0 | ||
| 040 | _cGE_BSU | ||
| 080 | _a911.2(100)(075.8) | ||
| 100 | _aსეფერთელაძე, ზურაბ. მარგველანი, გელა ეთერ დავითაია,ნინო პაიჭაძე,თამარ ალექსიძე | ||
| 245 | _aმსოფლიოს ფიზიკური გეოგრაფია | ||
| 245 | _bკონტინენტები და ოკეანეები | ||
| 245 | _cრედ. ლია მაჭავარიანი | ||
| 250 | _aივ. ჯავახიშვილის სახ. თსუ. | ||
| 260 | _aთბილისი | ||
| 260 | _bთბილ. უნ-ტის გამ-ბა, | ||
| 260 | _c2013. | ||
| 300 | _a248 გვ. : რუკ. ; 25 სმ.. - | ||
| 300 | _eბიბლიოგრ.: გვ. 240 | ||
| 541 | _h15ლ. | ||
| 653 | _aგეოგრაფია | ||
| 653 | _aმსოფლიოს ფიზიკური გეოგრაფია - სახელმძღვანელოები უმაღლესი სასწავლებლებისათვის; | ||
| 942 | _cBK | ||
| 999 |
_c49315 _d49315 |
||